Rozvoj európskych maloobchodných trhov diplomová práca

Guardado en:
Detalles Bibliográficos
Autor principal: Aľušíková, Eva
Autor Corporativo: Obchodná fakulta EU. Katedra marketingu
Otros Autores: Čihovská, Viera
Formato: Libro
Lenguaje:eslovaco
Publicado: Bratislava 2019
Etiquetas: Agregar Etiqueta
Sin Etiquetas, Sea el primero en etiquetar este registro!

MARC

LEADER 00000nbm a2200000 4500
001 0254072
005 20190704133456.9
041 0 |a slo 
044 |a SK 
245 1 0 |a Rozvoj európskych maloobchodných trhov  |b diplomová práca  |c Eva Aľušíková ; školiteľ: Viera Čihovská 
264 1 |a Bratislava  |c 2019 
300 |a 66 s. 
100 1 |a Aľušíková, Eva 
700 1 |a Čihovská, Viera 
710 2 |a Obchodná fakulta EU. Katedra marketingu